Le desastre de Smyrne de 1922 : (Record no. 386240)
[ view plain ]
| 000 -LEADER | |
|---|---|
| fixed length control field | 01006cam a2200277 a 4500 |
| 001 - CONTROL NUMBER | |
| control field | 000923335 |
| 003 - CONTROL NUMBER IDENTIFIER | |
| control field | AM-YeHGA |
| 005 - DATE AND TIME OF LATEST TRANSACTION | |
| control field | 20250617153211.0 |
| 008 - FIXED-LENGTH DATA ELEMENTS--GENERAL INFORMATION | |
| fixed length control field | 120319s2011 ai a b 001 0 armo |
| 020 ## - INTERNATIONAL STANDARD BOOK NUMBER | |
| International Standard Book Number | 9785808414662 |
| 040 ## - CATALOGING SOURCE | |
| Original cataloging agency | AM-YeHGA |
| 041 0# - LANGUAGE CODE | |
| Language code of text/sound track or separate title | fre |
| -- | eng |
| 043 ## - GEOGRAPHIC AREA CODE | |
| Geographic area code | a-tu--- |
| 090 ## - LOCALLY ASSIGNED LC-TYPE CALL NUMBER (OCLC); LOCAL CALL NUMBER (RLIN) | |
| -- | 388219 |
| 100 1# - MAIN ENTRY--PERSONAL NAME | |
| Personal name | Poghosyan, Varoujean. |
| 245 13 - TITLE STATEMENT | |
| Title | Le desastre de Smyrne de 1922 : |
| Remainder of title | (recueil de documents) / |
| Statement of responsibility, etc. | documents réunis et présentés par Varoujean Poghsoyan. |
| 246 15 - VARYING FORM OF TITLE | |
| Title proper/short title | 1922 t. Zmyurniayi aghete |
| 260 ## - PUBLICATION, DISTRIBUTION, ETC. | |
| Place of publication, distribution, etc. | Erevan : |
| Name of publisher, distributor, etc. | Editions de l'Universite d'etat d'Erevan, |
| Date of publication, distribution, etc. | 2011. |
| 300 ## - PHYSICAL DESCRIPTION | |
| Extent | 138 p. : |
| Other physical details | ill. (some col.) ; |
| Dimensions | 21 cm. |
| 546 ## - LANGUAGE NOTE | |
| Language note | In French and English. |
| 500 ## - GENERAL NOTE | |
| General note | At head of title: Université d'état d'Erevan, Institut des études arménologiques. |
| 504 ## - BIBLIOGRAPHY, ETC. NOTE | |
| Bibliography, etc. note | Includes bibliographical references and indexes. |
| 650 #0 - SUBJECT ADDED ENTRY--TOPICAL TERM | |
| Topical term or geographic name entry element | Greco-Turkish War, 1921-1922 |
| General subdivision | Atrocities. |
| 650 #0 - SUBJECT ADDED ENTRY--TOPICAL TERM | |
| Topical term or geographic name entry element | Massacres |
| Geographic subdivision | Turkey |
| -- | Izmir. |
| 650 #0 - SUBJECT ADDED ENTRY--TOPICAL TERM | |
| Topical term or geographic name entry element | Izmir (Turkey) |
| General subdivision | History |
| Form subdivision | Sources. |
| Withdrawn status | Lost status | Source of classification or shelving scheme | Damaged status | Not for loan | Collection | Home library | Current library | Date acquired | Total checkouts | Full call number | Barcode | Date last seen | Price effective from | Koha item type | Public note |
|---|---|---|---|---|---|---|---|---|---|---|---|---|---|---|---|
| Universal Decimal Classification | General | Fundamental Scientific Library | Fundamental Scientific Library | 17/07/2017 | И II/115755 | FL0447715 | 17/07/2017 | 17/07/2017 | Գրքեր / Books | 30 Days Loan | |||||
| Universal Decimal Classification | General | Fundamental Scientific Library | Fundamental Scientific Library | 22/12/2017 | И II/115897 | FL0469778 | 22/12/2017 | 22/12/2017 | Գրքեր / Books | 30 Days Loan |
ՀՀ Գիտությունների ազգային ակադեմիայի հիմնարար գիտական գրադարան = Fundamental Scientific Library of NAS RA
All site content, except where otherwise noted, is licensed under a